|
|
|
|
| LEADER |
00918cam a2200253 7i4500 |
| 001 |
0000057515 |
| 005 |
20250708090000.0 |
| 020 |
|
|
|a 9780241257104 (hardback)
|
| 090 |
0 |
0 |
|a NX440
|b .A76 2018
|
| 245 |
0 |
0 |
|a Art :
|b the definitive visual guide
|c editorial consultant Andrew Graham Dixon.
|
| 250 |
|
|
|a Second edition.
|
| 264 |
|
|
|a New York:
|b Dorling Kindersley,
|c 2018.
|
| 300 |
|
|
|a 612 pages:
|b colour illustrations;
|c 31 cm.
|
| 336 |
|
|
|a text
|2 rdacontent
|
| 337 |
|
|
|a unmediated
|2 rdamedia
|
| 338 |
|
|
|a volume
|2 rdacarrier
|
| 650 |
|
0 |
|a Art --
|x History
|
| 650 |
|
0 |
|a Art appreciation
|
| 700 |
1 |
|
|a Dixon, Andrew Graham
|
| 997 |
|
|
|a Communication, Visual Art & Computing, Faculty
|b Visual Art, Department
|
| 997 |
|
|
|a Centre for Foundation and General Studies
|
| 998 |
|
|
|a Arts, Foundation
|
| 998 |
|
|
|a Arts Creative Photography Technology, Degree
|
| 999 |
|
|
|a 0000069627
|b BOK
|c OPEN SHELF
|e 1st Floor, Bestari Jaya
|